01825nam a2200313uu 4500001000800000005001700008007001000025008004100035035001200076040001300088041000800101080001000109100004800119245008500167260003500252300001000287520079000297650004001087650004401127650001701171650003301188650004101221700004801262942001001310999001901320502001201339526000801351952015201359154807920260508094151.0cr|||||||200722s2018 spa  a1548079 ccomduadb aspa aTP/CD10aArteaga Arbeláez, Lucas4auteaut980145510aCaracterísticas de las intervenciones psicológicas sobre el miedo y la fobia aMedellín :bAutor(a),c2018. a1 PDF3 aLa pregunta por la fobia y de donde se desprende, remite inmediatamente a pensar las concepciones que se han tenido del miedo a través de la historia hasta la actualidad, y la manera como éste va tomando la forma de un diagnostico psicopatológico, evidenciando así la fundamentación conceptual sobre la que se sostienen las diferentes alternativas de tratamiento para la fobia, entre las que se destacan los aportes del psicoanálisis, la psicología conductista y la psicología cognitiva. Ver las características de las técnicas empleadas para la intervención sobre la fobia que cada una de estas líneas propone, brinda la posibilidad visualizar como la práctica terapéutica se convierte en la herramienta de validación de la conceptualización teórica. aIntervención psicológica969689 aMiedo - Aspectos psicológicos9159533 aFobia938319 aFobias - Tratamiento9205161 aTécnicas de intervención922512410aGómez Vargas, Maricelly4thseths9582269 cTESIS c815603d815603 b109c12 a110 001040708DIGITALaCISHbCISHd2020-07-22eMaterial adquirido por donacióniC1330591l0oTP/CD-12692r2023-05-04 00:00:00t1w2023-05-04yINTER